<?xml version="1.0" encoding="UTF-8"?>
<collection xmlns="http://www.loc.gov/MARC21/slim">
<record>
  <controlfield tag="001">106275</controlfield>
  <controlfield tag="005">20210712145425.0</controlfield>
  <datafield tag="037" ind1=" " ind2=" ">
    <subfield code="a">TESIS-2021-194</subfield>
  </datafield>
  <datafield tag="041" ind1=" " ind2=" ">
    <subfield code="a">spa</subfield>
  </datafield>
  <datafield tag="080" ind1=" " ind2=" ">
    <subfield code="a">946.02</subfield>
  </datafield>
  <datafield tag="100" ind1="1" ind2=" ">
    <subfield code="a">Sancho Domingo, Carlos</subfield>
  </datafield>
  <datafield tag="245" ind1="0" ind2="0">
    <subfield code="a">Influencias intelectuales españolas en el discurso del nacionalismo costarricense (1940-1980)</subfield>
  </datafield>
  <datafield tag="260" ind1=" " ind2=" ">
    <subfield code="a">Zaragoza</subfield>
    <subfield code="b">Universidad de Zaragoza, Prensas de la Universidad</subfield>
    <subfield code="c">2021</subfield>
  </datafield>
  <datafield tag="300" ind1=" " ind2=" ">
    <subfield code="a">554</subfield>
  </datafield>
  <datafield tag="490" ind1="0" ind2=" ">
    <subfield code="a">Tesis de la Universidad de Zaragoza</subfield>
    <subfield code="x">2254-7606</subfield>
    <subfield code="v">2021-194</subfield>
  </datafield>
  <datafield tag="500" ind1=" " ind2=" ">
    <subfield code="a">Presentado:  21 04 2021</subfield>
  </datafield>
  <datafield tag="502" ind1=" " ind2=" ">
    <subfield code="a">Tesis-Univ. Zaragoza,  , 2021</subfield>
    <subfield code="b">Zaragoza, Universidad de Zaragoza</subfield>
    <subfield code="c">2021</subfield>
  </datafield>
  <datafield tag="520" ind1=" " ind2=" ">
    <subfield code="a">La investigación aborda el intento de una serie de pensadores costarricenses de redefinir y fijar el discurso nacionalista de su país, un programa intelectual con derivaciones políticas que se contextualiza en la larga duración atendiendo al proyecto de construcción de nación iniciado en la década de 1830 y todavía vivo. Prolongando el relato nacionalizador decimonónico, de 1940 a 1980 pensadores como Carlos Monge Alfaro, Hernán G. Peralta, Abelardo Bonilla, León Pacheco, Luis Barahona, Eugenio Rodríguez Vega o José Abdulio Cordero, elaboraron una narrativa destinada a descubrir e interpretar la que creyeron era la esencia de su nación. Para ello tomaron por referente lo escrito por intelectuales españoles como Marcelino Menéndez Pelayo, Ángel Ganivet, Miguel de Unamuno, Ramiro de Maeztu, Manuel García Morente, Ramón Menéndez Pidal o José Ortega y Gasset, así como lo que desde España se venía diciendo en relación con el ideario de hispanidad. En la discusión acerca de la moderna identidad nacional costarricense jugó un importante papel el filósofo Constantino Láscaris Comneno (1923-1979), el pensador español más influyente en la Costa Rica de la segunda mitad del siglo XX. Se ofrece una biografía intelectual suya y un estudio de su libro El costarricense (1975), un ensayo fenomenológico en torno a las formas de convivencia social en Costa Rica.&lt;br /></subfield>
  </datafield>
  <datafield tag="506" ind1=" " ind2=" ">
    <subfield code="a">by-nc-nd</subfield>
    <subfield code="b">Creative Commons</subfield>
    <subfield code="c">3.0</subfield>
    <subfield code="u">http://creativecommons.org/licenses/by-nc-nd/3.0/es</subfield>
  </datafield>
  <datafield tag="520" ind1=" " ind2=" ">
    <subfield code="a">&lt;br /></subfield>
  </datafield>
  <datafield tag="521" ind1=" " ind2=" ">
    <subfield code="9">7069</subfield>
    <subfield code="a">Programa de Doctorado en Historia Contemporánea</subfield>
  </datafield>
  <datafield tag="653" ind1="1" ind2=" ">
    <subfield code="a">historia contemporanea del area americana</subfield>
  </datafield>
  <datafield tag="653" ind1="1" ind2=" ">
    <subfield code="a">historia contemporanea del area europea</subfield>
  </datafield>
  <datafield tag="653" ind1="1" ind2=" ">
    <subfield code="a">biografias</subfield>
  </datafield>
  <datafield tag="700" ind1=" " ind2=" ">
    <subfield code="a">Peiro Martín, Ignacio</subfield>
    <subfield code="e">dir.</subfield>
  </datafield>
  <datafield tag="710" ind1="2" ind2=" ">
    <subfield code="a">Universidad de Zaragoza</subfield>
    <subfield code="b"> </subfield>
  </datafield>
  <datafield tag="830" ind1=" " ind2=" ">
    <subfield code="9">481</subfield>
  </datafield>
  <datafield tag="856" ind1="0" ind2=" ">
    <subfield code="f">cdeurop@unizar.es</subfield>
  </datafield>
  <datafield tag="856" ind1="4" ind2=" ">
    <subfield code="u">http://zaguan.unizar.es/record/106275/files/TESIS-2021-194.pdf</subfield>
    <subfield code="z">Texto completo (spa)</subfield>
    <subfield code="s">4886708</subfield>
  </datafield>
  <datafield tag="909" ind1="C" ind2="O">
    <subfield code="o">oai:zaguan.unizar.es:106275</subfield>
    <subfield code="p">driver</subfield>
    <subfield code="p">tesis</subfield>
  </datafield>
  <datafield tag="910" ind1="2" ind2=" ">
    <subfield code="a"></subfield>
    <subfield code="b"> </subfield>
  </datafield>
  <datafield tag="980" ind1=" " ind2=" ">
    <subfield code="a">TESIS</subfield>
  </datafield>
</record>
</collection>